Constitutional review provess in Kenya

N/A

Na minha lista:
Detalhes bibliográficos
Autor principal: Constitutional
Outros Autores: Kituo cha Katiba
Formato: Livro
Publicado em: Dar es Salaam ; Layout and Pre-Press Azania Graphics Ltd , c2003.
Assuntos:
Tags: Adicionar Tag
Sem tags, seja o primeiro a adicionar uma tag!

MARC

LEADER 00000nam a22000007a 4500
005 20260421071821.0
020 |a 9987622526  |c TZS 10,000/= 
040 |a MCCL  |b eng.  |e AACR 2nd re. ed. 
082 |a 342.06762 CON 
100 |a Constitutional 
245 |a Constitutional review provess in Kenya 
260 |a Dar es Salaam ;  |b Layout and Pre-Press Azania Graphics Ltd ,  |c c2003. 
300 |a v, 54 p. :  |c 21 cm. 
504 |a Includes Annextures 
520 |a N/A 
546 |a eng 
650 |a Constitutional review provess in Kenya 
700 |a Kituo cha Katiba 
942 |c BK 
999 |c 12719  |d 12719